A global history of architecture / (Record no. 7986)
[ view plain ]
| 000 -LEADER | |
|---|---|
| fixed length control field | 01524cam a22003615i 4500 |
| 003 - CONTROL NUMBER IDENTIFIER | |
| control field | EG-ScBUE |
| 005 - DATE AND TIME OF LATEST TRANSACTION | |
| control field | 20200908145615.0 |
| 008 - FIXED-LENGTH DATA ELEMENTS--GENERAL INFORMATION | |
| fixed length control field | 090526t20072007njua f b 001 0 eng d |
| 020 ## - INTERNATIONAL STANDARD BOOK NUMBER | |
| International Standard Book Number | 0471268925 (cloth) |
| 020 ## - INTERNATIONAL STANDARD BOOK NUMBER | |
| International Standard Book Number | 9780471268925 (cloth) |
| 035 ## - SYSTEM CONTROL NUMBER | |
| System control number | (OCoLC)ocm62393141 |
| 035 ## - SYSTEM CONTROL NUMBER | |
| System control number | (OCoLC)62393141 |
| 040 ## - CATALOGING SOURCE | |
| Original cataloging agency | EG-ScBUE |
| Language of cataloging | eng |
| Description conventions | rda |
| Transcribing agency | EG-ScBUE |
| Modifying agency | EG-ScBUE |
| 082 04 - DEWEY DECIMAL CLASSIFICATION NUMBER | |
| Classification number | 720.9 |
| Item number | CHI |
| Edition number | 22 |
| 100 1# - MAIN ENTRY--PERSONAL NAME | |
| Personal name | Ching, Francis D. K., |
| Dates associated with a name | 1943- |
| Relator term | author. |
| 245 12 - TITLE STATEMENT | |
| Title | A global history of architecture / |
| Statement of responsibility, etc | Francis D. K. Ching, Mark M. Jarzombek, Vikramaditya Prakash. |
| 264 #1 - PUBLICATION, DISTRIBUTION, ETC. (IMPRINT) | |
| Place of publication, distribution, etc | Hoboken, New Jersey : |
| Name of publisher, distributor, etc | John Wiley & Sons, |
| Date of publication, distribution, etc | [2007] |
| 264 #4 - PUBLICATION, DISTRIBUTION, ETC. (IMPRINT) | |
| Date of publication, distribution, etc | c2007 |
| 300 ## - PHYSICAL DESCRIPTION | |
| Extent | xvi, 800 pages : |
| Other physical details | illustrations (some color), maps, plans ; |
| Dimensions | 29 cm |
| 336 ## - CONTENT TYPE | |
| Content type term | text |
| Content type code | txt |
| Source | rdacontent |
| 337 ## - MEDIA TYPE | |
| Media type term | unmediated |
| Media type code | n |
| Source | rdamedia |
| 338 ## - CARRIER TYPE | |
| Carrier type term | volume |
| Carrier type code | nc |
| Source | rdacarrier |
| 500 ## - GENERAL NOTE | |
| General note | Includes glossary. |
| 504 ## - BIBLIOGRAPHY, ETC. NOTE | |
| Bibliography, etc | Includes bibliographical references and index. |
| 505 0# - FORMATTED CONTENTS NOTE | |
| Formatted contents note | 3500 BCE -- 2500 BCE -- 1500 BCE -- 800 BCE -- 400 BCE -- 0 -- 200 CE -- 400 CE -- 600 CE -- 800 CE -- 1000 CE -- 1200 CE -- 1400 CE -- 1600 CE -- 1700 CE -- 1800 CE -- 1900 CE -- 1950 CE -- Globalization takes command. |
| 650 #7 - SUBJECT ADDED ENTRY--TOPICAL TERM | |
| Topical term or geographic name as entry element | Architecture |
| General subdivision | History. |
| Source of heading or term | BUEsh |
| 9 (RLIN) | 5299 |
| 651 ## - SUBJECT ADDED ENTRY--GEOGRAPHIC NAME | |
| Source of heading or term | BUEsh |
| 653 ## - INDEX TERM--UNCONTROLLED | |
| Resource For college | Engineering, Architecture |
| Arrived date list | September2020 |
| 655 ## - INDEX TERM--GENRE/FORM | |
| Genre/form data or focus term | Introduction to Architectural Design History & Theory- Year 1 |
| General subdivision | Engineering |
| Chronological subdivision | Semester 2. 2008/2009 |
| 700 1# - ADDED ENTRY--PERSONAL NAME | |
| Personal name | Jarzombek, Mark, |
| Relator term | author. |
| 9 (RLIN) | 5300 |
| 700 1# - ADDED ENTRY--PERSONAL NAME | |
| Personal name | Prakash, Vikramaditya, |
| Relator term | author. |
| 9 (RLIN) | 5301 |
| 942 ## - ADDED ENTRY ELEMENTS (KOHA) | |
| Koha item type | Book - Borrowing |
| Source of classification or shelving scheme | Dewey Decimal Classification |
| Withdrawn status | Lost status | Damaged status | Not for loan | Home library | Current library | Shelving location | Date acquired | Source of acquisition | Total Checkouts | Full call number | Barcode | Date last seen | Date checked out | Price effective from | Koha item type | Total Renewals | Source of classification or shelving scheme | Collection code |
|---|---|---|---|---|---|---|---|---|---|---|---|---|---|---|---|---|---|---|
| Central Library | Central Library | Second Floor | 08/02/2017 | Purchase | 22 | 720.9CHI | 000009563 | 15/07/2025 | 16/05/2013 | 17/02/2008 | NB - Book (Non borrowing) | |||||||
| Central Library | Central Library | Second Floor | 08/02/2017 | Purchase | 21 | 720.9CHI | 000009550 | 15/07/2025 | 11/03/2018 | 17/02/2008 | Book - Borrowing | 15 | ||||||
| Central Library | Central Library | Second Floor | 08/02/2017 | Purchase | 24 | 720.9CHI | 000009562 | 15/07/2025 | 27/07/2022 | 17/02/2008 | Book - Borrowing | 41 | ||||||
| Central Library | Central Library | First floor | 08/09/2020 | Purchase | 720.9 CHI | 000049623 | 15/07/2025 | 08/09/2020 | Book - Borrowing | Dewey Decimal Classification | unknown |